[Event "Paracin-ch"]
[Site "Paracin"]
[Date "2017.01.31"]
[Round "1"]
[White "Garic, Radomir"]
[Black "Pantic, Slobodan"]
[Result "1-0"]
[WhiteElo "2270"]
[BlackElo "1708"]
[PlyCount "53"]
[EventDate "2017.01.31"]
[EventType "swiss"]
[EventRounds "9"]
[EventCountry "SRB"]
[SourceTitle "CBM 176 Extra"]
[Source "ChessBase"]
[SourceDate "2017.03.02"]
[SourceVersion "1"]
[SourceVersionDate "2017.03.02"]
[SourceQuality "1"]

1. e4 e5 2. Nf3 Nc6 3. Nc3 Nf6 4. Bb5 Bb4 5. 0-0 0-0 6. Bxc6 Bxc3 7. dxc3 bxc6 8. Nxe5 Nxe4 9. Re1 Nc5 10. Qh5 Ne6 11. Be3 f6 12. Nf3 d6 13. Nd4 c5 14. Nf5 Qe8 15. Qf3 Rb8 16. b3 Bb7 17. Qg4 Kh8 18. Bxc5 dxc5 19. Rxe6 Qg6 20. Qxg6 hxg6 21. Ne7 Kh7 22. Re3 Bc8 23. Rd1 g5 24. Rdd3 g6 25. Nxc8 Rbxc8 26. Rd7+ Kg8 27. Ree7 1-0

[Event "Paracin-ch"]
[Site "Paracin"]
[Date "2016.01.19"]
[Round "1"]
[White "Ivic, Matija"]
[Black "Pantic, Slobodan"]
[Result "1-0"]
[WhiteElo "2237"]
[BlackElo "1716"]
[PlyCount "77"]
[EventDate "2016.01.19"]
[EventType "swiss"]
[EventRounds "9"]
[EventCountry "SRB"]
[SourceTitle "CBM 170 Extra"]
[Source "ChessBase"]
[SourceDate "2016.02.25"]
[SourceVersion "1"]
[SourceVersionDate "2016.02.25"]
[SourceQuality "1"]

1. d4 Nf6 2. g3 e6 3. Nf3 Bb4+ 4. c3 Be7 5. Bg2 0-0 6. 0-0 d6 7. c4 Nbd7 8. Nc3 e5 9. e4 c6 10. h3 Re8 11. Be3 b6 12. Rc1 Ba6 13. Qa4 Bb7 14. Rfd1 Qc7 15. d5 Nc5 16. Qc2 Rac8 17. b4 Ncd7 18. dxc6 Bxc6 19. Qd3 Qb8 20. Nd2 Rcd8 21. Nb3 Nf8 22. Rc2 Ne6 23. Nd5 Ba4 24. h4 Ng4 25. Bc1 Bxb3 26. axb3 Nd4 27. Ra2 Nf6 28. Ne3 Rd7 29. b5 Red8 30. Bb2 Ne6 31. Nc2 Nc5 32. Qe3 Rc8 33. Rda1 Rcc7 34. Nb4 Qa8 35. Bh3 Ne6 36. Nd5 Rb7 37. Nxb6 Rxb6 38. Qxb6 Qxe4 39. Qe3 1-0